| 000 | 00438cam a2200181ua 4500 | ||
|---|---|---|---|
| 001 | 5380 | ||
| 005 | 20260515113855.0 | ||
| 008 | 120901n ii |||gr||||Z||||||eng | ||
| 020 | _a014029487-2 | ||
| 040 | _cMAIN | ||
| 082 | _a823.954 | ||
| 100 |
_aDeshpande, Shashi, _eAuthor, |
||
| 245 | 1 | 0 |
_aSmall remedies _cby Shashi Deshpande |
| 250 | _a1st. | ||
| 260 |
_aNew Delhi: _bPenguin books, _c2000. |
||
| 300 |
_a324p: _c15cm. |
||
| 942 | _cBK | ||
| 999 |
_c4557 _d4557 |
||